01891nam a2200253Ia 4500003000400000005001700004008004100021040002100062041000800083082002300091100003500114245012200149260003100271300002900302490002900331505023700360520077500597650003001372650004601402650003201448942001201480999001701492952012801509OSt20211206100155.0210310s1998 ck a gr 000 0 spa d aCO-JMCRcCO-JMCR0 aspa04a352.1 /bC617d2231 aClavijo, Sergio eautor92937110aDescentralización de la educación y la salud: caspectos fiscales del gasto social en Colombia / bSergio Clavijo aBogotá : bCEDE, c1998. a104 páginas ; c28 cm. aDocumentos CEDE, v98-110 aHistoria de la Problemática Fiscal por Sectores. -- Fuentes y Usos de los Recursos Públicos Destinados a las Regiones. -- La Educación Pública en Colombia. -- La Salud Pública en Colombia. -- El Gasto Social y Su Impacto. 0 aEL CENTRO DE ESTUDIOS SOBRE DESARROLLO ECONOMICO-CEDE- de la Facultad de Economía de la Universidad de los Andes, se fundó en 1958 con el objetivo de realizar investigaciones económicas tanto teóricas como empíricas. Las áreas de investigación de especial interés para el CEDE son: Macroeconómía, Teoría y Política Monetaria, Teorías del Crecimiento, Evaluación Socioeconómica de Proyectos, Recursos Naturales y Medio Ambiente, Economía Agrícola, Demografía, Economía de la Educación, Economía Laboral, Pobreza y Distribución del Ingreso, Economía de la Salud, Economía Urbana, Regulación Económica, Comercio Exterior, Finanzas Públicas, Desarrollo y Organización Industrial, Violencia y Economía Institucional.14aPolítica médica9914024aDescentralización en el gobierno91111624aEducación y estado941723 2ddccBK c12843d12843 00102ddc4070aCPLbCPLcGENd2018-04-15eDonacióno352.1 / C617dp430004647r2024-05-16 00:00:00tEj.1w2021-03-10yBK